01692nab a2200229 i 4500001000400000003000400004005001700008008003900025040000800064041001300072080000800085080001200093100014100105245023000246260001000476500002100486520057500507650003301082700014301115700013601258773006801394BPPBPK20180430143745.0140604s2005 pl f |000 0  cBPK apolbeng a664 a621.928 aJAKUBOWSKI, Marek.d2001 - .bPolitechnika Koszalińska - Wydział Mechaniczny,cKatedra Inżynierii Spożywczej i Tworzyw Sztucznych aAnaliza wyników pomiaru ciśnienia dynamicznego cieczy rotującej w kadzi wirowo-osadowej = bAnalyses of measuring the velocity of fluid rotating in whirling-settling vat /cMarek Jakubowski, Tadeusz Bil, Ryszard Tesmer. c2005. aDane z autopsji. aPraca przedstawia analizę wyników pomiarów prędkości wirowania cieczy w kadzi wirowo-osadowej. Badania przeprowadzono na laboratoryjnej kadzi wirowo-osadowej o średnicy D=0,64 m i maksymalnej wysokości nalewu H=0,92 m. Pomiary ciśnienia hydrodynamicznego dokonano poprzez zastosowanie zaadaptowanych do tego celu rurek Pitota w postaci grzebienia pomiarowego. Przeprowadzono aproksymację wyników eksperymentalnych określając rozkład pola prędkości cieczy w kadzi. Do analizy wyników zastosowano dodatek SOLVER arkusza kalkulacyjnego EXCEL. 0aPrzemysł rolno-spożywczy. aTESMER, Ryszard.d1996 - 2008.bPolitechnika Koszalińska - Wydział Mechaniczny,cKatedra Inżynierii Spożywczej i Tworzyw Sztucznych aBIL, Tadeusz.d1996 - .bPolitechnika Koszalińska - Wydział Mechaniczny,cKatedra Inżynierii Spożywczej i Tworzyw Sztucznych iW :tInżynieria Rolnicza. -g2005, R. 9, nr 9(69), s. 149-156